Click the South American Countries but Dismantled - Statistics

General Stats
  • This quiz has been taken 38 times
  • The average score is 10 of 13
Answers on the Map
Answers color-coded by a green-red scale on the quiz's map according to % correct below.
 
Answer Stats
Answer % Correct
Bolivia
89%
Brazil
89%
Chile
89%
Argentina
82%
Paraguay
82%
Peru
82%
Colombia
79%
France (French Guiana)
79%
Uruguay
79%
Venezuela
79%
Guyana
71%
Ecuador
68%
Suriname
68%
No matching quizzes found
Score Distribution
Percent of People with Each Score
Percentile by Number Answered
Your Score History
You have not taken this quiz